| 000 | 01168cam a2200313 4500 | ||
|---|---|---|---|
| 001 | sa 68015426 | ||
| 003 | DLC | ||
| 005 | 20260227112643.0 | ||
| 008 | 700320m19679999ii a b 000 0 eng | ||
| 010 | _asa 68015426 | ||
| 025 | _aPL480:I-E-10744 | ||
| 040 |
_aDLC _cDLC _dDLC |
||
| 050 | 0 | 0 |
_aND3247 _b.W3132 |
| 082 | 0 | 0 | _a759.954 |
| 100 | 1 |
_aWaldschmidt, Ernst, _d1897-1985. |
|
| 240 | 1 | 0 |
_aMusikinspirierte Miniaturen. _lEnglish |
| 245 | 1 | 0 |
_aMiniatures of musical inspiration in the collection of the Berlin Museum of Indian Art, _cby Ernst and Rose Leonore Waldschmidt. |
| 260 |
_aBombay, _bPopular Prakashan _c[1967- |
||
| 300 |
_av. _billus. (part col.) _c26 cm. |
||
| 350 | _a120.00 (v. 1) | ||
| 490 | 1 | _aVeröffentlichungen des Museums für Indische Kunst Berlin, v. 2 | |
| 504 | _aBibliography: v. 1, p. 215-218. | ||
| 505 | 1 | _apt. 1. Rāgamālā pictures from the Western Himālaya promontory. | |
| 650 | 0 | _aMusic in art. | |
| 650 | 0 | _aRagāmālā painting. | |
| 700 | 1 |
_aWaldschmidt, Rose Leonore, _ejoint author. |
|
| 710 | 2 | _aMuseum für Indische Kunst (Germany) | |
| 810 | 2 |
_aMuseum für Indische Kunst Berlin. _tVeröffentlichungen, _vv. 2 |
|
| 999 |
_c86439 _d86439 |
||